UBT Library

IN THE PRESENCE OF THE CREATOR (Record no. 60186)

000 -LEADER
fixed length control field 00334nam a22001457a 4500
008 - FIXED-LENGTH DATA ELEMENTS--GENERAL INFORMATION
fixed length control field 230720b ||||| |||| 00| 0 eng d
020 ## - INTERNATIONAL STANDARD BOOK NUMBER
International Standard Book Number 9780029051908
041 ## - LANGUAGE CODE
Language code of text/sound track or separate title eng
080 ## - UNIVERSAL DECIMAL CLASSIFICATION NUMBER
Universal Decimal Classification number 101
082 ## - DEWEY DECIMAL CLASSIFICATION NUMBER
Classification number 101CHR
100 ## - Rafti
Rafti 44
101 ## - Shkurtesa
Shkurtesa FILOZOF
245 ## - TITLE STATEMENT
Title IN THE PRESENCE OF THE CREATOR
Statement of responsibility, etc CHRISTIANSON ,E G
942 ## - ADDED ENTRY ELEMENTS (KOHA)
Source of classification or shelving scheme
Item type Books
Holdings
Withdrawn status Lost status Source of classification or shelving scheme Damaged status Not for loan Collection code Permanent location Current location Date acquired Total Checkouts Full call number Barcode Date last seen Price effective from Koha item type
          Koleksioni i përgjithshem UBT - Lipjan UBT - Lipjan 07/20/2023   101CHR 002-800080895 07/20/2023 07/20/2023 Books
UBT Library © 2015-2024. All rights reserved University Education for Business and Technology